La fase austera de César Manrique (Record no. 16979)

MARC details
000 -LEADER
campo de control de longitud fija 01520nam a2200349 i 4500
001 - NÚMERO DE CONTROL
campo de control 16979
003 - IDENTIFICADOR DE NÚMERO DE CONTROL
campo de control ES-MaACL
005 - FECHA Y HORA DE LA ÚLTIMA TRANSACCIÓN
campo de control 20250624062844.0
007 - CAMPO FIJO DE DESCRIPCIÓN FÍSICA--INFORMACIÓN GENERAL
campo de control de longitud fija t|
008 - DATOS DE LONGITUD FIJA--INFORMACIÓN GENERAL
campo de control de longitud fija 001127s1958 sp ||||1| spa d
080 ## - NÚMERO DE LA CLASIFICACIÓN DECIMAL UNIVERSAL
Número de la Clasificación Decimal Universal 75 Manrique, César (064.3)
100 1# - ENTRADA PRINCIPAL--NOMBRE DE PERSONA
Nombre de persona Manrique, César.
9 (RLIN) 76094
245 13 - MENCIÓN DEL TÍTULO
Título La fase austera de César Manrique
Resto del título : [exposición, Sala del Prado del Ateneo de Madrid, 18 de noviembre-1 de diciembre de 1958] /
Mención de responsabilidad, etc. [texto de] Juan Antonio Gaya Nuño.
260 ## - PUBLICACIÓN, DISTRIBUCIÓN, ETC.
Lugar de publicación, distribución, etc. Madrid :
Nombre del editor, distribuidor, etc. Ateneo,
Fecha de publicación, distribución, etc. 1958.
300 ## - DESCRIPCIÓN FÍSICA
Extensión [32] p. :
Otras características físicas principalmente il. n. ;
Dimensiones 22 cm.
490 1# - MENCIÓN DE SERIE
Mención de serie Cuadernos de arte. Colección ordinaria ;
Designación de volumen o secuencia 38
600 14 - PUNTO DE ACCESO ADICIONAL DE MATERIA--NOMBRE DE PERSONA
Nombre de persona Manrique, César-
Subdivisión general Exposiciones.
9 (RLIN) 76095
610 24 - PUNTO DE ACCESO ADICIONAL DE MATERIA--NOMBRE DE ENTIDAD CORPORATIVA
Nombre de entidad corporativa o nombre de jurisdicción como elemento de entrada Ateneo de Madrid-
Subdivisión de forma Exposiciones-
Subdivisión cronológica 1950-1959
9 (RLIN) 1919
610 2# - PUNTO DE ACCESO ADICIONAL DE MATERIA--NOMBRE DE ENTIDAD CORPORATIVA
Nombre de entidad corporativa o nombre de jurisdicción como elemento de entrada Ateneo de Madrid-
Subdivisión de forma Obras digitalizadas.
9 (RLIN) 1930
655 #7 - TERMINO DE INDIZACIÓN--GENERO/FORMA
Fuente del término tgfbne
9 (RLIN) 193628
Datos o término principal de género/forma Catálogos de exposiciones
700 0# - ENTRADA AGREGADA--NOMBRE PERSONAL
Nombre de persona Gaya Nuño, Juan Antonio,
Fechas asociadas al nombre 1913-1976
9 (RLIN) 56130
710 2# - ENTRADA AGREGADA--NOMBRE DE ENTIDAD CORPORATIVA
Nombre de entidad corporativa o nombre de jurisdicción como elemento de entrada Ateneo de Madrid.
Unidad subordinada Sala del Prado.
9 (RLIN) 1965
830 0# - PUNTO DE ACCESO ADICIONAL DE SERIE-TÍTULO UNIFORME
Título uniforme Cuadernos de arte. Colección ordinaria
Designación de volumen o secuencia 38
9 (RLIN) 180064
852 ## - LOCALIZACIÓN
Ubicación ES-MaACL
Número de control de estantería 2160-F-11
Ubicación en estantería Depósito folletos
Nota libre Revisado enlace: 03 de Myo de 2025
852 ## - LOCALIZACIÓN
Ubicación ES-MaACL
Número de control de estantería 2189-F-26
Ubicación en estantería Depósito folletos
Nota libre Revisado enlace: 03 de Myo de 2025
852 ## - LOCALIZACIÓN
Ubicación ES-MaACL
Número de control de estantería G-13293(12)
Ubicación en estantería Sala Pecera Depósito 3
852 ## - LOCALIZACIÓN
Ubicación ES-MaACL
Número de control de estantería 2255-F-21
Ubicación en estantería Depósito folletos
Nota libre Revisado enlace: 03 de Myo de 2025
856 4# - LOCALIZACIÓN Y ACCESO ELECTRÓNICOS
Identificador Uniforme de Recursos <a href="http://www.ateneodemadrid.com/biblioteca_digital/folletos/CACo-038.pdf">http://www.ateneodemadrid.com/biblioteca_digital/folletos/CACo-038.pdf</a>
857 ## - LOCALIZACIÓN Y ACCESO ELECTRÓNICOS_2
Nota pública Ver documento
942 ## - ELEMENTOS DE ENTRADA SECUNDARIOS (KOHA)
Fuente del sistema de clasificación o colocación Clasificación decimal universal
Holdings
Estatus retirado Estado de pérdida Fuente del sistema de clasificación o colocación Estado de daño No para préstamo Colección Biblioteca de origen Biblioteca actual Ubicación en estantería Fecha de adquisición Total de préstamos Signatura topográfica completa Código de barras Visto por última vez Precio de reemplazo Tipo de ítem Koha Número de inventario
    Clasificación decimal universal     Biblioteca Digital del Ateneo de Madrid Biblioteca del Ateneo de Madrid Biblioteca del Ateneo de Madrid Depósito folletos 20/11/2009   2255-F-21 1181811 23/02/2023 23/02/2023 Folleto  
    Clasificación decimal universal     Biblioteca Digital del Ateneo de Madrid Biblioteca del Ateneo de Madrid Biblioteca del Ateneo de Madrid Depósito folletos 17/01/2008   2160-F-11 1017298 23/02/2023 23/02/2023 Folleto R.129349
    Clasificación decimal universal     Biblioteca Digital del Ateneo de Madrid Biblioteca del Ateneo de Madrid Biblioteca del Ateneo de Madrid Depósito folletos 17/01/2008   2189-F-26 1017299 23/02/2023 23/02/2023 Folleto R.136008
    Clasificación decimal universal     Colección digital Biblioteca del Ateneo de Madrid Biblioteca del Ateneo de Madrid Sala Pecera Planta 3 17/01/2008   G-13293(12) 1017300 23/02/2023 23/02/2023 Folleto